Southville International School and Colleges
Your cart is empty.
  • Cart
  • Lists
    Public lists Eva Luna New books Lux_list list_1
    Your lists Log in to create your own lists
  • Log in to your account
  • Your cookies
  • Search history
Southville International School and Colleges
  • Advanced search
  • Recent comments
  • Most popular
  • Libraries

Log in to your account

Log in with GOOGLE


If you do not have an external account, but do have a local account, you can still log in:

  1. Home
  2. MARC view: Basic nursing :
Normal view MARC view ISBD view

Basic nursing : (Record no. 20030)

[ view plain ]
MARC details
000 -LEADER
fixed length control field 00502nam a2200181 a 4500
005 - DATE AND TIME OF LATEST TRANSACTION
control field 20140310183207.0
008 - FIXED-LENGTH DATA ELEMENTS--GENERAL INFORMATION
fixed length control field 030203s19uu xx 00 eng d
020 ## - INTERNATIONAL STANDARD BOOK NUMBER
International Standard Book Number 0766832015
050 ## - LIBRARY OF CONGRESS CALL NUMBER
Classification number RT 69
Item number .W582 2002
100 ## - MAIN ENTRY--PERSONAL NAME
Personal name White, Lois
245 ## - TITLE STATEMENT
Title Basic nursing :
Remainder of title foundations of skills and concepts /
Statement of responsibility, etc Lois White.
260 ## - PUBLICATION, DISTRIBUTION, ETC. (IMPRINT)
Place of publication, distribution, etc Canada :
Name of publisher, distributor, etc Delmar,
Date of publication, distribution, etc 2002.
300 ## - PHYSICAL DESCRIPTION
Extent 919 p. :
Other physical details ill. col. ;
Dimensions 26 cm.
521 ## - TARGET AUDIENCE NOTE
Target audience note
650 ## - SUBJECT ADDED ENTRY--TOPICAL TERM
Topical term or geographic name as entry element Practical nursing
942 ## - ADDED ENTRY ELEMENTS (KOHA)
Koha item type Books
Source of classification or shelving scheme Library of Congress Classification
Call number prefix Foreign
Holdings
Withdrawn status Lost status Source of classification or shelving scheme Damaged status Home library Current library Shelving location Date acquired Source of acquisition Cost, normal purchase price Total Checkouts Full call number Barcode Date last seen Copy number Price effective from Koha item type
    Library of Congress Classification   College Library College Library General Circulation Section 01/31/2003   2224.00   RT 69 .W582 2002 C1957 05/15/2018 1 10/10/2013 Books

Basic nursing :

APA

White L., . (2002). Basic nursing. Canada: Delmar.

Chicago

White Lois, . 2002. Basic nursing. Canada: Delmar.

Harvard

White L., . (2002). Basic nursing. Canada: Delmar.

MLA

White Lois, . Basic nursing. Canada: Delmar. 2002.

  • Place hold
  • Print
  • Cite
  • Add to your cart (remove)
  • Save record
    BIBTEX Dublin Core MARCXML MARC (non-Unicode/MARC-8) MARC (Unicode/UTF-8) MARC (Unicode/UTF-8, Standard) MODS (XML) RIS
  • More searches
    Search for this title in:
    Other Libraries (WorldCat) Other Databases (Google Scholar) Online Stores (Bookfinder.com) Open Library (openlibrary.org)

Exporting to Dublin Core...

SOUTHVILLE LIBRARY

Southville International School and Colleges Library

1281 Tropical Ave. Cor. Luxembourg St., BF Homes International, Las Pinas City

Tel. No. 8256374 / 252358 Loc. 117/146

Powered by Koha